000 01432nkm a2200325 i 4500
001 4249
003 ES-MaACL
005 20250713062955.0
007 khrbo
008 070705s1988 sp --- g |001||spa d
100 0 _aAlfonso,
_d1902-1990
_919858
245 1 0 _aLlegar al psicoanálisis [
_hFotografía] /
_cAlfonso (sello).
260 _a[S.l. :
_bs.n.],
_c1988.
300 _a2 fot. :
_bb. y n. ;
_c12 x 18 cm.
490 1 _aCiclo de mesas redondas sobre el panorama actual del psicoanálisis
500 _aDatos basados en invitación.
511 0 _aIntervienen: Miriam Chorne, Susana Carro, Isabel Pujol, Gustavo Dessal; presenta: Consuelo Escudero.
518 _aActo organizado por la Sección de Psicología del Ateneo de Madrid, celebrado en la sala de conferencias el martes, 15 de marzo de 1988, a las 20:00 h.
600 1 4 _aChorne, Miriam.
_938619
600 1 4 _aCarro, Susana.
_935824
600 1 4 _aPujol, Isabel.
_994335
600 1 4 _aDessal, Gustavo.
_943939
600 1 4 _aEscudero, Consuelo.
_947679
610 2 4 _aAteneo de Madrid-
_xActos culturales-
_y1988-
_vFotografías.
_91903
710 2 _aAteneo de Madrid.
_bSección de Psicología.
_92008
830 0 _aCiclo de mesas redondas sobre el panorama actual del psicoanálisis
_9177024
852 _aES-MaACL
_jFOT 63/1988
856 4 _uhttp://www.ateneodemadrid.net/biblioteca_digital/imagenes/1988/0063-1988.jpg
_zVer imagen
999 _c4249
_d4249